Loading...
| Science - Physics | 0 | 7 | 1 | 1 | 65 | 77 | 101.14 | 0 | 1 | 12.34 | 31.82 |
| Social Science | 0 | 6 | 0 | 1 | 60 | 70 | 95.17 | 2 | 3 | 11.16 | 37.27 |
| Science - Other | 0 | 6 | 2 | 0 | 50 | 52 | 87.17 | 0 | 4 | 15.39 | 34.55 |
| Philosophy | 0 | 3 | 0 | 1 | 30 | 73 | 113.67 | 0 | 1 | 4.45 | 10.00 |
| Science - Biology | 0 | 3 | 0 | 0 | 30 | 84 | 107.00 | 0 | 1 | 3.54 | 13.64 |
| Science - Chemistry | 0 | 3 | 0 | 0 | 30 | 79 | 92.33 | 1 | 1 | 5.92 | 16.36 |
| Fine Arts - Other | 0 | 1 | 0 | 1 | 10 | 131 | 131.00 | 0 | 0 | 0.14 | 0.91 |
| Literature - American | 0 | 1 | 0 | 0 | 10 | 132 | 132.00 | 0 | 0 | 0.27 | 5.45 |
| Fine Arts - Painting and Sculpture | 0 | 1 | 0 | 0 | 10 | 119 | 119.00 | 0 | 0 | 0.83 | 3.64 |
| Literature - British | 0 | 1 | 0 | 0 | 10 | 93 | 93.00 | 0 | 0 | 2.73 | 6.36 |
| Mythology | 0 | 1 | 0 | 0 | 10 | 122 | 122.00 | 0 | 0 | 0.07 | 4.55 |
| Other Academic | 0 | 1 | 0 | 0 | 10 | 14 | 14.00 | 0 | 1 | 29.90 | 20.00 |